000 01965cas a2200565 a 4500
001 11157898
005 20180227042116.0
008 750604c19659999fluar 0 a0eng
010 _a 65027435
_zsn 85005220
015 _a010001123
_2dnb
016 7 _a010001123
_2DE-101
016 7 _a141-7
_2DE-600
016 7 _a0121020
_2DNLM
016 7 _aA13590000
_2DNLM
016 7 _a009187555
_2Uk
022 0 _a0065-2415
_21
030 _aADCYA3
035 _a(OCoLC)ocm01373446
037 _bMarcel Dekker, Inc., 270 Madison Ave., New York, NY 10016
040 _aDLC
_beng
_cUDI
_dSUL
_dFUG
_dHUL
_dYUS
_dNYG
_dHUL
_dMUL
_dSER
_dOCL
_dAIP
_dNSD
_dNST
_dDLC
_dNST
_dHUL
_dAGL
_dNST
_dNLM
_dOCLCQ
_dGUA
_dOCLCQ
_dMUQ
_dHNK
_dNLGGC
_dCDS
_dOCLCG
_dCIT
_dOCLCQ
_dDLC
_dHEBIS
_dGBVCP
_dUKMGB
_dTULIB
_dOCLCQ
_dOCLCF
_dCRCPR
_dOCLCQ
_dEUX
_dOCLCO
_dCSJ
_dOCLCA
_dOCL
_dOCLCO
_dCSA
_dOCLCO
041 _aeng
042 _ansdp
_apcc
060 0 0 _aW1
_bAD53U
070 0 _aQD271.A1A3
072 0 _aX500
080 _a544.92
082 0 4 _a544.92 GID
100 _a4
101 _aSHM
210 0 _aAdv. chromatogr.
_b(N.Y.N.Y.)
222 0 _aAdvances in chromatography
_b(New York, N.Y.)
245 1 0 _aAdvances in chromatography.
310 _aAnnual,
_b<2005->
321 _aIrregular
362 0 _aVol. 1-
510 2 _aChemical abstracts
_x0009-2258
530 _aAlso issued online.
555 _aVols. 1-9 with v. 10.
590 _aSERBIB/SERLOC merged record
776 0 8 _iOnline version:
_tAdvances in chromatography
_x2153-991X
_w(DLC) 2010203203
_w(OCoLC)556251245
776 0 8 _iOnline version:
_tAdvances in chromatography (New York, N.Y. : 1965)
_w(OCoLC)564752270
906 _a7
_bcbc
_cserials
_du
_encip
_f19
_gn-oclcserc
942 _2ddc
_cBK
999 _c43562
_d43562